000 00861nas a2200289 4500
001 BR0707052
003 BR-BrBNA
005 20231205111339.0
007 ta
008 230509b bl.|||p| |||| 00| 00por d
040 _aBR-BrBNA
_bpor
_cBiblioteca Nacional de Agricultura
041 _a(Pt)
072 _aL73; L53
100 1 _aBolson, J.
100 1 _aGodoy, C.B. de
100 1 _aOrnes, R.C.
100 1 _aSchosler, J.E.W.
100 1 _aPachaly, J.R.
245 1 _aFisometra em cadela (Canis familiaris Linnaeus, 1758)- Relato de caso
650 _aCÃO
650 _aREPRODUÇÃO
650 _aRADIOLOGIA
650 _aPARTO
773 0 _tArquivos de Ciências Veterinárias e Zoologia da UNIPAR (Brazil)
_xISSN 1415-8167
_g(Jul-Dec 2004), v. 7(2) p. 171-175
_wBR0707052
909 _a202311
_bLúcia
_c55
_dLúcia Elande
942 _2AGRIS
_n0
_cANA
999 _c192177
_d192177